000 01098nam a22002537i 4500
999 _c22892
_d22892
003 AR-CdUCM
008 240513b20222022 bl||||| |||| 00| 0 por d
020 _a978-65-86972-04-7
040 _aMUNICIPALIDAD PROVINCIAL DEL CUSCO
_cBIBLIOTECA MUNICIPAL DEL CUSCO
041 _hpor
082 _a306.985 / A663
_bA663
100 _aAraújo, Danielle.
_949819
245 _aCosmovisão andina e cultura material:
_ba cerâmica de Pucará /
260 _aRio de Janeiro :
_bAtaliê de Humanidades,
_c2022
300 _a200 páginas. :
_c21 cm.
500 _zBibliografía: páginas 191- 197
505 _aTexto en portugués -- A cerâmica de Pucará -- Mundos que se comunican atrevés da cerâmica -- Quando o céu encontra a terra: coisas de cêramica e as suas vidas -- Mi torito de Pucará
650 _aA cerâmica de Pucará
_949820
650 _aMundos que se comunican atrevés da cerâmica
_949821
650 _aCosmovisión andina y cultura material en la cerámica de Pucará
_949822
856 _fwww.ataliedehumanidades.com
942 _2ddc
_cLIBROS
945 _apbj
_d2024-05-13